SR Highest Post Count Quiz Stats

Quiz not verified by Sporcle

Challenge
Share
Tweet
Embed
Score 0/20 Timer 04:00
0 Plays Today
Posts Screen Name % Correct
24,590John Birch
94.6%
42,875buried_in_snow
86.5%
32,999Sir_Porkus
83.8%
31,733nflandboobs
81.1%
30,4763xMVP
78.4%
27,480Ilovemesomeme
75.7%
26,708rez
75.7%
28,449NickHarpersWife
73%
14,993OrangeCrush
67.6%
32,774DR_EVL
62.2%
Posts Screen Name % Correct
26,378none
59.5%
24,645Skins
59.5%
17,905OwG
59.5%
15,731FredEx
48.6%
14,526DCM41
48.6%
18,256Leroy
45.9%
15,479Thunder
40.5%
13,913bretware
37.8%
20,948Longname
35.1%
14,822Blue
35.1%

You're not logged in!

Compare scores with friends on all Sporcle quizzes.
Join for Free
OR
Log In

You Might Also Like...

Show Comments

Extras

Created Mar 4, 2010ReportNominate
Tags:count, highest, post, poster, screen

Top Quizzes Today


Score Distribution

Your Account Isn't Verified!

In order to create a playlist on Sporcle, you need to verify the email address you used during registration. Go to your Sporcle Settings to finish the process.

Report this User

Report this user for behavior that violates our Community Guidelines.

Details: